00654nam a2200181 a 450000100100000000500170001000800410002704000250006808200150009310000450010824500610015326000360021430000200025050000630027004900090033395201130034299900170045500002147620200930011336.0100908s1989 dr 000 0 spa d aDO-SdBNPbspacBNPHU axxxbA346a1 aAlcalá Padilla, Roberto,d1958-94478610aAventura de un viaje ilegal /cRoberto Alcalá Padilla. aSanto Domingo :bBúho,c1989. a77 p. ;c21 cm. aIncluye datos biográficos del autor en la contracubierta aBNPD 0010718PDaPDbPDcCTd2010-09-08iLF1l0oxxx A346ap21476-10r2020-06-25w2020-06-25yLFPDZNo se presta c20976d20976